00606nam a22001697a 4500003000900000008004100009040007100050082002400121100002700145245004100172260003800213300003400251505010300285650001100388650001400399650002300413AR-CdUCM190524b           ||||| |||| 00| 0 spa d  aMUNICIPALIDAD PROVINCIAL DEL CUSCOcBIBLIOTECA MUNICIPAL DEL CUSCO  a838.91 /bC2122ed.  aCambours Ocampo, Aruro  aPoemas para la vigilia del hombre /   aBuenos Aires :bEl Ateneo,c1940.  a76 páginasc25 cm.bDibujos  aContenido: Dialogo con O. V. de Milosz -- Dialogo con Paul Eluard -- Dialogo con Julio Laforgue...  aPoema   aArgentina  aNoches desgarradas